| 000 | 00590nam a22002057a 4500 | ||
|---|---|---|---|
| 999 |
_c19135 _d19135 |
||
| 003 | AR-CdUCM | ||
| 008 | 190516b ||||| |||| 00| 0 spa d | ||
| 040 |
_aMUNICIPALIDAD PROVINCIAL DEL CUSCO _cBIBLIOTECA MUNICIPAL DEL CUSCO |
||
| 082 |
_a848.9 / _bL38 |
||
| 100 |
_aLefevre, Frederic _940292 |
||
| 245 | _aLa dificultad de ser mujer / | ||
| 260 |
_aSantiago : _bErcilla, _c1935. |
||
| 300 |
_a171 páginas ; _c20 cm. |
||
| 505 | _aContenido : Novela | ||
| 650 |
_aLiteratura _983 |
||
| 650 |
_aNovela _95 |
||
| 650 |
_aSiglo XX _98 |
||
| 942 |
_2ddc _cLIBROS |
||
| 945 |
_arah _d2019/05/16 |
||